000 00687nam a2200253Ia 4500
003 OSt
005 20220925221847.0
006 a|||||r|||| 00| 0
007 ta
008 220923b |||||||| |||| 00| 0 eng d
037 _cGeneral Book
040 _aRTL
_cRTL
_beng
041 _2eng
_aeng
082 _aY2:3217.2.N5, J5;J8
100 _aKapadia K M
245 0 _aMarriage and family in India
250 _a2
260 _aLondon
_bOxford
_c1958
300 _axxxii,318p
_ccm.
500 _aBibliography: p 305-11
650 _aMarriage and Kinship
_9230715
942 _hY2:3217.2.N5, J5;J8
_cGB
_2CC
999 _c575517
_d575517